[Event "FRA-ch Blitz Online Qual"]
[Site "Europe Echecs INT"]
[Date "2020.05.16"]
[Round "3"]
[White "Demarche, Laurent"]
[Black "Oumer, Walid"]
[Result "0-1"]
[WhiteElo "1835"]
[BlackElo "1365"]
[PlyCount "64"]
[EventDate "2020.05.16"]
[EventType "swiss (blitz)"]
[EventRounds "15"]
[EventCountry "FRA"]
[SourceTitle "CBM 196 Extra"]
[Source "ChessBase"]
[SourceDate "2020.07.31"]
[SourceVersion "1"]
[SourceVersionDate "2020.07.31"]
[SourceQuality "1"]

1. d3 Nf6 2. Nd2 g6 3. e4 d6 4. Ngf3 Bg7 5. Be2 0-0 6. 0-0 e5 7. c3 Nc6 8. d4 exd4 9. cxd4 Re8 10. Bd3 Bg4 11. d5 Ne5 12. Be2 Bxf3 13. Bxf3 Nxf3+ 14. gxf3 Nh5 15. Nc4 Qh4 16. Be3 Nf4 17. Bxf4 Qxf4 18. Kh1 f5 19. Rg1 fxe4 20. Rg4 Qxf3+ 21. Qxf3 exf3 22. Rb1 Re2 23. Kg1 Bh6 24. h4 b5 25. Na3 a6 26. h5 Kg7 27. hxg6 hxg6 28. Rg3 Rf8 29. Kf1 Rd2 30. Rc1 Rxd5 31. Rxc7+ Kh8 32. Ra7 Rd1# 0-1

[Event "FRA-ch Blitz Online Qual"]
[Site "Europe Echecs INT"]
[Date "2020.05.16"]
[Round "2"]
[White "Oumer, Walid"]
[Black "Kuhn, Clement"]
[Result "0-1"]
[WhiteElo "1365"]
[BlackElo "2150"]
[PlyCount "72"]
[EventDate "2020.05.16"]
[EventType "swiss (blitz)"]
[EventRounds "15"]
[EventCountry "FRA"]
[SourceTitle "CBM 196 Extra"]
[Source "ChessBase"]
[SourceDate "2020.07.31"]
[SourceVersion "1"]
[SourceVersionDate "2020.07.31"]
[SourceQuality "1"]

1. e4 c5 2. Nf3 Nc6 3. d4 cxd4 4. Nxd4 e5 5. Nb5 d6 6. N1c3 a6 7. Na3 b5 8. Nd5 Nge7 9. c3 Nxd5 10. exd5 Ne7 11. Be2 g6 12. 0-0 Bg7 13. Re1 0-0 14. f4 e4 15. Qc2 f5 16. c4 bxc4 17. Bxc4 Bb7 18. Rd1 Qb6+ 19. Kh1 Rac8 20. Qe2 Kh8 21. Rb1 Rc7 22. b4 Rcc8 23. Be3 Qc7 24. g3 Qb8 25. b5 a5 26. b6 Qa8 27. Nb5 Nxd5 28. Bxd5 Bxd5 29. Nc7 Rxc7 30. bxc7 Rc8 31. Rb8 Rxb8 32. cxb8Q+ Qxb8 33. Rxd5 Qb1+ 34. Bg1 e3 35. Qxe3 h6 36. Rxd6 Qb7+ 0-1

[Event "FRA-ch Blitz Online Qual"]
[Site "Europe Echecs INT"]
[Date "2020.05.16"]
[Round "8"]
[White "Oumer, Walid"]
[Black "Mallevaey, Armand"]
[Result "1-0"]
[WhiteElo "1365"]
[BlackElo "1773"]
[PlyCount "99"]
[EventDate "2020.05.16"]
[EventType "swiss (blitz)"]
[EventRounds "15"]
[EventCountry "FRA"]
[SourceTitle "CBM 196 Extra"]
[Source "ChessBase"]
[SourceDate "2020.07.31"]
[SourceVersion "1"]
[SourceVersionDate "2020.07.31"]
[SourceQuality "1"]

1. e4 d5 2. exd5 Qxd5 3. Nc3 Qa5 4. d4 Nf6 5. Nf3 Bf5 6. Bd3 Bg6 7. Bxg6 hxg6 8. 0-0 e6 9. Re1 c6 10. Bd2 Qc7 11. h3 Nbd7 12. Ne5 Bd6 13. Nxd7 Qxd7 14. Be3 0-0-0 15. Ne2 Bc7 16. c4 Nh5 17. Qb3 Qd6 18. g3 Nf6 19. h4 Ne4 20. Bf4 Qd7 21. Bxc7 Qxc7 22. a4 g5 23. Qe3 f5 24. hxg5 Qe7 25. f4 Rh3 26. Kg2 Rdh8 27. Rh1 Rxh1 28. Rxh1 Rxh1 29. Kxh1 Qb4 30. Nc3 Qxb2 31. Nxe4 Qb1+ 32. Kg2 Qxe4+ 33. Qxe4 fxe4 34. Kf2 a6 35. Ke3 b5 36. cxb5 cxb5 37. axb5 axb5 38. Kxe4 b4 39. Kd3 Kc7 40. Kc4 Kd6 41. Kxb4 Kd5 42. Kc3 g6 43. Kd3 Kc6 44. Ke4 Kd6 45. g4 Kd7 46. Ke5 Ke7 47. f5 gxf5 48. gxf5 exf5 49. Kxf5 Kf7 50. d5 1-0